| 000 | 00816nam a22002297a 4500 | ||
|---|---|---|---|
| 001 | 000566 | ||
| 003 | DO-SdBNP | ||
| 005 | 20180130113933.0 | ||
| 007 | 000566 | ||
| 008 | 161018b 1991 nyu ||||| |||| 00| 0 spa d | ||
| 040 |
_aBPMSU _bspa _cBPMSU |
||
| 082 |
_axxxxx _bxxxxx |
||
| 111 | 2 |
_aConsulta internacional sobre el sida y los derechos humanos _d(1989, 26-28 de julio de : _cGinebra) |
|
| 245 | 1 | 0 |
_aInforme de una consulta internacional sobre el sida y los derechos humanos / _cNaciones Unidas. Centro de Derechos Humanos. |
| 260 |
_aNueva York : _bFondo de Cultura Económica, _c1953. |
||
| 300 |
_a114 p. ; _c22 cm. |
||
| 490 | 1 | _aDerechos humanos. | |
| 830 | 0 | _aDerechos humanos. | |
| 942 |
_2ddc _cBK |
||
| 945 | _aInventariado extranjero / 2018 VM | ||
| 956 |
_2LOPEREZ _310 _620161018 _8BPMSU _a00041 |
||
| 999 |
_c11597 _d11597 |
||